[Event "European Blitz 2017"]
[Site "Katowice POL"]
[Date "2017.12.15"]
[Round "15.37"]
[White "Boe, Mads"]
[Black "Tregubov, Pavel V."]
[Result "1-0"]
[WhiteTitle "FM"]
[BlackTitle "GM"]
[WhiteElo "2292"]
[BlackElo "2575"]
[WhiteFideId "1401408"]
[BlackFideId "4115341"]
[EventDate "2017.12.15"]
[EventType "blitz"]

1. d4 Nf6 2. Nf3 e6 3. Bg5 d5 4. e3 c5 5. c3 Nc6 6. Bd3 Be7 7. Nbd2 b6 8. O-O
Bb7 9. h3 O-O 10. Re1 h6 11. Bf4 Bd6 12. Bxd6 Qxd6 13. dxc5 bxc5 14. e4 Qc7 15.
exd5 exd5 16. Nf1 Rad8 17. Ng3 d4 18. cxd4 Nxd4 19. Nxd4 Rxd4 20. Nf5 Rd7 21.
Qc2 Rfd8 22. Rad1 c4 23. Bf1 Rxd1 24. Rxd1 Rxd1 25. Qxd1 Qe5 26. Qd8+ Kh7 27.
Qe7 Qxe7 28. Nxe7 Nd5 29. Nxd5 Bxd5 30. f3 Kg6 31. Kf2 Kf5 32. Ke3 Ke5 33. g3 g5
34. f4+ gxf4+ 35. gxf4+ Kf5 36. a3 Be6 37. Bg2 Kg6 38. Ke4 Kh5 39. Ke5 Kh4 40.
f5 Bd7 41. Bd5 Kxh3 42. Bxc4 Kg4 43. f6 Be8 44. Kd6 h5 45. Ke7 Bc6 46. Bxf7 h4
47. Be6+ 1-0

[Event "European Blitz 2017"]
[Site "Katowice POL"]
[Date "2017.12.15"]
[Round "15.38"]
[White "Tomczak, Mikolaj"]
[Black "Fedorov, Alexei"]
[Result "0-1"]
[WhiteTitle "FM"]
[BlackTitle "GM"]
[WhiteElo "2372"]
[BlackElo "2573"]
[WhiteFideId "1175114"]
[BlackFideId "13500465"]
[EventDate "2017.12.15"]
[EventType "blitz"]

1. d4 Nf6 2. c4 g6 3. Nc3 Bg7 4. e4 d6 5. Nf3 O-O 6. Be2 c5 7. O-O Nc6 8. d5 Na5
9. Qc2 e5 10. a3 b6 11. b4 Nb7 12. Ne1 Nd7 13. Rb1 f5 14. exf5 gxf5 15. f4 e4
16. Be3 cxb4 17. axb4 a5 18. Nb5 axb4 19. Rxb4 Ndc5 20. g3 Bd7 21. Ng2 Bxb5 22.
Rxb5 Ra3 23. Rfb1 Nd7 24. Qd2 Nbc5 25. Bf2 Qf6 26. Ne3 Rfa8 27. Qd1 Nd3 28. Bxd3
Rxd3 29. Qh5 Rf8 30. R5b3 Rd2 31. Rd1 Ra2 32. Nf1 Qg6 33. Qh3 h5 34. Ne3 Rf7 35.
Rbb1 Rf8 36. Ng2 Qg4 37. Qxg4 hxg4 38. Bxb6 Nxb6 39. Rxb6 Rc8 40. Rc6 Rb8 41.
Rxd6 Rbb2 42. Nh4 Bd4+ 0-1

[Event "European Blitz 2017"]
[Site "Katowice POL"]
[Date "2017.12.15"]
[Round "15.39"]
[White "Mitkov, Marjan"]
[Black "Saric, Ivan"]
[Result "0-1"]
[WhiteTitle "IM"]
[BlackTitle "GM"]
[WhiteElo "2333"]
[BlackElo "2669"]
[WhiteFideId "15000354"]
[BlackFideId "14508150"]
[EventDate "2017.12.15"]
[EventType "blitz"]

1. d4 Nf6 2. Nf3 g6 3. Bg5 Bg7 4. Nbd2 d6 5. e3 Nbd7 6. Bc4 h6 7. Bh4 g5 8. Bg3
Nh5 9. Ne5 Nxe5 10. Bxe5 dxe5 11. Qxh5 e6 12. dxe5 Bxe5 13. O-O-O Qf6 14. c3 Qg6
15. Qxg6 fxg6 16. Nf3 Bf6 17. Nd4 Ke7 18. e4 c6 19. Rhe1 e5 20. Nb3 b6 21. Rd2
g4 22. Kc2 Bg5 23. Rd3 Rf8 24. Re2 b5 25. Na5 bxc4 26. Nxc6+ Ke6 27. Rd5 Bb7 0-1

[Event "European Blitz 2017"]
[Site "Katowice POL"]
[Date "2017.12.15"]
[Round "15.40"]
[White "Stojcevski, Zoran"]
[Black "Rodshtein, Maxim"]
[Result "0-1"]
[WhiteTitle "FM"]
[BlackTitle "GM"]
[WhiteElo "2337"]
[BlackElo "2699"]
[WhiteFideId "15000192"]
[BlackFideId "2806851"]
[EventDate "2017.12.15"]
[EventType "blitz"]

1. e4 c6 2. d4 d5 3. Nc3 dxe4 4. Nxe4 Nd7 5. Nf3 Ngf6 6. Ng3 e6 7. Bd3 c5 8. O-O
cxd4 9. Nxd4 a6 10. Re1 Nc5 11. Bf1 Be7 12. b3 O-O 13. c4 Qc7 14. Bb2 b6 15. Qc2
Bb7 16. Rad1 Rfd8 17. Qc3 Bf8 18. h3 Rd7 19. Nf3 Rad8 20. Rxd7 Rxd7 21. Ne5 Rd8
22. Qe3 Nce4 23. Nxe4 Nxe4 24. Bd3 Bc5 25. Qe2 Bxf2+ 0-1

[Event "European Blitz 2017"]
[Site "Katowice POL"]
[Date "2017.12.15"]
[Round "15.41"]
[White "Moskalenko, Alexander"]
[Black "Kusiak, Matej"]
[Result "1-0"]
[WhiteTitle "IM"]
[WhiteElo "2522"]
[BlackElo "2280"]
[WhiteFideId "4155351"]
[BlackFideId "14911213"]
[EventDate "2017.12.15"]
[EventType "blitz"]

1. d4 Nf6 2. Nf3 g6 3. Bg5 Bg7 4. Nbd2 d5 5. c3 O-O 6. e3 c6 7. Be2 Qb6 8. Qb3
Bg4 9. h3 Bxf3 10. Bxf3 Nbd7 11. O-O e5 12. Rfc1 Qxb3 13. axb3 exd4 14. cxd4
Rfe8 15. b4 Ne4 16. Bxe4 dxe4 17. Nb3 Bf8 18. Na5 Bxb4 19. Nxb7 Rab8 20. Rxa7
Nb6 21. Bf4 Rbc8 22. Nd6 Bxd6 23. Bxd6 Nd5 24. Ra6 Red8 25. Raxc6 Rxc6 26. Rxc6
f6 27. Ba3 Rb8 28. Rc5 Nb4 29. Bxb4 Rxb4 30. Rc2 Kf7 31. g4 Ke6 32. Kg2 f5 33.
Kg3 fxg4 34. hxg4 h5 35. gxh5 gxh5 36. Rc5 Rxb2 37. Rxh5 Kf6 38. Re5 1-0

[Event "European Blitz 2017"]
[Site "Katowice POL"]
[Date "2017.12.15"]
[Round "15.42"]
[White "Kyc, Jerzy"]
[Black "Miton, Kamil"]
[Result "1-0"]
[BlackTitle "GM"]
[WhiteElo "2265"]
[BlackElo "2584"]
[WhiteFideId "1163922"]
[BlackFideId "1111914"]
[EventDate "2017.12.15"]
[EventType "blitz"]

1. e4 c5 2. Nf3 d6 3. d4 cxd4 4. Nxd4 Nf6 5. Nc3 Bd7 6. Bc4 e6 7. Bg5 a6 8. Bb3
Be7 9. Qd2 b5 10. a3 O-O 11. f3 Nc6 12. O-O-O Na5 13. g4 Rc8 14. Kb1 Nc4 15.
Bxc4 Rxc4 16. Nb3 Bc6 17. h4 Qc7 18. Bf4 e5 19. Be3 Rc8 20. h5 a5 21. g5 b4 22.
Qd3 bxc3 23. Qxc4 Nd7 24. g6 d5 25. exd5 Nb6 26. Qxc6 Qd8 27. Bxb6 1-0

[Event "European Blitz 2017"]
[Site "Katowice POL"]
[Date "2017.12.15"]
[Round "15.43"]
[White "Lewtak, Damian"]
[Black "Zelbel, Patrick"]
[Result "1/2-1/2"]
[BlackTitle "IM"]
[WhiteElo "2358"]
[BlackElo "2456"]
[WhiteFideId "1141724"]
[BlackFideId "24624322"]
[EventDate "2017.12.15"]
[EventType "blitz"]

1. d4 Nf6 2. c4 e6 3. g3 c5 4. d5 exd5 5. cxd5 d6 6. Bg2 g6 7. Nc3 Bg7 8. e4 O-O
9. Nge2 a6 10. a4 Nbd7 11. h3 Rb8 12. a5 b5 13. axb6 Rxb6 14. O-O Ne8 15. Nf4
Ne5 16. Qc2 Nc7 17. Nd3 Nb5 18. Nxb5 Rxb5 19. Ne1 Qb6 20. f4 Nd7 21. Ra2 Re8 22.
Nd3 a5 23. Be3 Ba6 24. Rd1 Rb3 25. Bf2 Qb5 26. Bf1 c4 27. Nc1 Rxb2 28. Rxb2 Qxb2
29. Qa4 Qb5 30. Qa2 Rxe4 31. Ne2 Qb3 32. Qd2 c3 33. Nc1 cxd2 34. Nxb3 Bxf1 35.
Kxf1 a4 36. Nxd2 Rb4 37. Rc1 Kf8 38. Rc8+ Ke7 39. Ra8 Bd4 40. Be1 Nb6 41. Ra7+
Nd7 42. Ra8 Bc5 43. Nf3 Rc4 44. Nd2 Rd4 45. Nf3 Rxd5 46. Rxa4 Rd3 47. Ng5 h6 48.
Ne4 Rd4 49. Nxc5 dxc5 50. Ra7 Ke6 51. Bf2 Rd6 52. Ra2 Rc6 53. Re2+ Kf6 54. Be1
Re6 55. Bc3+ Ke7 56. Ra2 Kd6 57. Ra6+ Kd5 58. Ra7 Kd6 59. Ra6+ Kd5 60. Ra7 Kd6
61. Kf2 h5 62. Kf3 f5 63. Bb2 Nb6 64. Ba3 Kc6 65. Bb2 Nc4 66. Bc1 Nd6 67. Bb2
Kd5 68. Rd7 Kc6 69. Rd8 Ne4 70. Be5 Kb5 71. g4 hxg4+ 72. hxg4 Rc6 73. gxf5 gxf5
74. Rf8 Nd2+ 75. Ke2 Nc4 76. Rxf5 Nxe5 77. fxe5 Re6 78. Ke3 Kc6 79. Ke4 c4 80.
Rf1 Kc5 81. Rd1 c3 82. Kd3 Rxe5 83. Kxc3 1/2-1/2

[Event "European Blitz 2017"]
[Site "Katowice POL"]
[Date "2017.12.15"]
[Round "15.44"]
[White "Gajewski, Grzegorz"]
[Black "Tomaszewski, Roman"]
[Result "1-0"]
[WhiteTitle "GM"]
[BlackTitle "IM"]
[WhiteElo "2601"]
[BlackElo "2285"]
[WhiteFideId "1116207"]
[BlackFideId "1100637"]
[EventDate "2017.12.15"]
[EventType "blitz"]

1. d4 d5 2. Nf3 c6 3. Bf4 Qb6 4. Qc1 Bf5 5. c4 dxc4 6. Na3 Qa5+ 7. Bd2 Qd8 8.
Nxc4 Nf6 9. g3 Be4 10. Bg2 e6 11. O-O Be7 12. Ba5 Qc8 13. Ncd2 Bxf3 14. Bxf3 O-O
15. Nc4 Na6 16. a3 Nc7 17. Rd1 Nb5 18. e3 Re8 19. Qc2 Nd5 20. Rac1 Bd8 21. Be1
Nb6 22. a4 Nxc4 23. axb5 cxb5 24. b3 Nb6 25. Qe4 Bc7 26. Qxb7 1-0

[Event "European Blitz 2017"]
[Site "Katowice POL"]
[Date "2017.12.15"]
[Round "15.45"]
[White "Gazik, Igor"]
[Black "Olszewski, Michal"]
[Result "0-1"]
[WhiteTitle "IM"]
[BlackTitle "GM"]
[WhiteElo "2257"]
[BlackElo "2540"]
[WhiteFideId "14900149"]
[BlackFideId "1121251"]
[EventDate "2017.12.15"]
[EventType "blitz"]

1. e4 c5 2. Nc3 d6 3. g3 g6 4. Bg2 Bg7 5. d3 Nc6 6. Be3 e6 7. Qd2 Nge7 8. Bh6
O-O 9. h4 f6 10. h5 Bxh6 11. Qxh6 g5 12. e5 Nf5 0-1

[Event "European Blitz 2017"]
[Site "Katowice POL"]
[Date "2017.12.15"]
[Round "15.46"]
[White "Feuerstack, Aljoscha"]
[Black "Jaroch, Karol"]
[Result "1-0"]
[WhiteTitle "IM"]
[WhiteElo "2438"]
[BlackElo "2252"]
[WhiteFideId "4681932"]
[BlackFideId "1130609"]
[EventDate "2017.12.15"]
[EventType "blitz"]

1. e4 e6 2. d4 d5 3. Nd2 Nf6 4. Bd3 b6 5. e5 Nfd7 6. Ne2 c5 7. c3 Qc7 8. Nf4 Ba6
9. Bxa6 Nxa6 10. O-O Be7 11. Qg4 g6 12. h4 O-O-O 13. Nf3 h6 14. Be3 Rdg8 15.
Nxe6 fxe6 16. Qxe6 Rg7 17. Qxd5 Qb7 18. Qxb7+ Kxb7 19. d5 g5 20. d6 Nxe5 21.
Nxe5 Bxd6 22. Nc4 Bc7 23. h5 b5 24. Nd2 Kc6 25. Rad1 Re8 26. Rfe1 Rge7 27. Nf1
Bf4 28. g3 Bc7 29. Kg2 c4 30. Nh2 Nc5 31. Ng4 Nd3 32. Re2 Re6 33. Red2 Rf8 34.
Bxa7 Bxg3 35. Kxg3 Ra8 36. Bd4 Rxa2 37. b4 Ra3 38. Rxd3 cxd3 39. Rxd3 Kd5 40.
c4+ Kxc4 41. Rxa3 Kxd4 42. Re3 Rc6 43. Re5 Kc4 44. Rc5+ Rxc5 45. bxc5 Kxc5 46.
Nxh6 b4 47. Ng4 b3 48. Nf6 Kd4 49. h6 b2 50. h7 b1=Q 51. h8=Q Qg1+ 52. Kf3 Qd1+
53. Kg2 Ke5 54. Ng4+ Kf4 55. Ne3 Qf3+ 56. Kg1 Qc6 57. Qh2+ 1-0

[Event "European Blitz 2017"]
[Site "Katowice POL"]
[Date "2017.12.15"]
[Round "15.47"]
[White "Jussupow, Artur"]
[Black "Valeinis, Janis"]
[Result "1/2-1/2"]
[WhiteTitle "GM"]
[WhiteElo "2582"]
[BlackElo "2227"]
[WhiteFideId "4618777"]
[BlackFideId "11601450"]
[EventDate "2017.12.15"]
[EventType "swiss"]

1. d4 Nf6 2. Nf3 g6 3. c4 Bg7 4. Nc3 O-O 5. Bg5 d6 6. e3 Nbd7 7. Be2 e5 8. dxe5
dxe5 9. O-O Re8 10. Qc2 c6 11. Nd2 h6 12. Bh4 Qe7 13. Rad1 Nf8 14. Nde4 Bf5 15.
g4 Be6 16. Bxf6 Bxf6 17. Nd6 Red8 18. c5 b6 19. b4 a5 20. Nce4 bxc5 21. bxc5 Bg7
22. Rd2 Qc7 23. Qa4 f5 24. gxf5 gxf5 25. Ng3 f4 26. Nh5 1/2-1/2

[Event "European Blitz 2017"]
[Site "Katowice POL"]
[Date "2017.12.15"]
[Round "15.48"]
[White "Sahidi, Samir"]
[Black "Zorko, Jure"]
[Result "0-1"]
[WhiteTitle "FM"]
[BlackTitle "IM"]
[WhiteElo "2247"]
[BlackElo "2457"]
[WhiteFideId "14936372"]
[BlackFideId "14604051"]
[EventDate "2017.12.15"]
[EventType "blitz"]

1. Nf3 d5 2. g3 Nf6 3. Bg2 c6 4. O-O Bg4 5. c4 e6 6. Qb3 Qb6 7. d3 Nbd7 8. Be3
Bc5 9. Bxc5 Nxc5 10. Qa3 Bxf3 11. Bxf3 a5 12. Nc3 Qb4 13. cxd5 exd5 14. Rfc1
Qxa3 15. bxa3 Ne6 16. Rab1 Ra7 17. e3 Kd7 18. d4 h5 19. h4 g5 20. hxg5 Nxg5 21.
Kg2 h4 22. gxh4 Rxh4 23. Rh1 Rxh1 24. Rxh1 Ra8 25. Be2 Rg8 26. Kf1 Nge4 27. Nxe4
Nxe4 28. Bd3 Nd6 29. Ke2 a4 30. Rb1 Ra8 31. Kf3 Kc7 32. Kf4 b6 33. Ke5 Re8+ 34.
Kf6 Rh8 35. f4 Rh3 36. Re1 Rh2 37. Re2 Rh6+ 38. Kg7 Rh3 39. f5 c5 40. dxc5 bxc5
41. Bc2 c4 42. f6 Rg3+ 43. Kf8 Kd7 44. Bxa4+ Ke6 45. Bc2 Kxf6 46. a4 Rh3 47. Kg8
Rf3 48. a5 Rg3+ 49. Kf8 Rh3 50. Kg8 d4 51. exd4 Ra3 52. Rf2+ Ke7 53. Re2+ Kd7
54. Kf8 Rxa5 55. Bh7 Kc6 56. Bg8 Ra7 57. Bh7 Kd5 58. Kg7 f5+ 59. Kh6 Kxd4 60.
Rd2+ Kc5 61. Rf2 Rf7 62. Bg6 Rf8 63. Kg7 Ra8 64. Bxf5 Nxf5+ 65. Rxf5+ Kd4 66.
Rf2 c3 67. Kg6 Ke3 68. Rh2 Kd3 69. Rh3+ Kd2 70. Rh2+ Kc1 71. Kf5 Ra4 72. Ke5 c2
73. Rh8 Kb2 74. Rh2 Kb1 0-1

[Event "European Blitz 2017"]
[Site "Katowice POL"]
[Date "2017.12.15"]
[Round "15.49"]
[White "Walter, Szymon"]
[Black "Pulpan, Jakub"]
[Result "0-1"]
[BlackTitle "IM"]
[WhiteElo "2246"]
[BlackElo "2400"]
[WhiteFideId "1172590"]
[BlackFideId "302759"]
[EventDate "2017.12.15"]
[EventType "blitz"]

1. e4 g6 2. Nc3 a6 3. f4 b5 4. g3 Bb7 5. Bg2 Bg7 6. d3 c5 7. Nf3 e6 8. e5 d5 9.
exd6 Qxd6 10. Qe2 Nf6 11. Ne5 Bxg2 12. Qxg2 Ra7 13. Be3 Nbd7 14. Nxd7 Nxd7 15.
O-O O-O 16. Qf2 Rc7 17. Rad1 Nf6 18. Ne4 Qe7 19. Bxc5 Nxe4 20. Bxe7 Nxf2 21.
Bxf8 Nxd1 22. Bxg7 Kxg7 23. Rxd1 Rxc2 24. Rb1 Rd2 25. a3 Rxd3 26. Rc1 Rd2 27. b4
Rd3 28. Ra1 Rb3 29. Ra2 h5 30. Kf2 Kf6 31. Ke2 h4 32. Kf2 Kf5 33. a4 Rxb4 34.
axb5 axb5 35. Ra7 Rb2+ 36. Kf3 Rb3+ 37. Kf2 Kf6 38. gxh4 Rh3 39. Rb7 Rxh2+ 40.
Kg3 Rb2 0-1

[Event "European Blitz 2017"]
[Site "Katowice POL"]
[Date "2017.12.15"]
[Round "15.50"]
[White "Brodowski, Piotr"]
[Black "Nasibullin, Iskander"]
[Result "1-0"]
[WhiteTitle "IM"]
[WhiteElo "2430"]
[BlackElo "2088"]
[WhiteFideId "1124480"]
[BlackFideId "34124273"]
[EventDate "2017.12.15"]
[EventType "blitz"]

1. g3 Nf6 2. Bg2 d5 3. c4 e6 4. Nf3 Be7 5. O-O O-O 6. b3 b6 7. Bb2 Bb7 8. cxd5
exd5 9. d4 Nbd7 10. Nc3 c5 11. Rc1 Re8 12. Qc2 Rc8 13. Rfd1 Bf8 14. Qf5 c4 15.
bxc4 Rxc4 16. Ne5 Bc8 17. Nxc4 Ne5 18. dxe5 Bxf5 19. exf6 Be6 20. Nxd5 Bxd5 21.
Bxd5 Qb8 22. e4 g6 23. Nd2 Bc5 24. Nf3 h6 25. Nh4 Kf8 26. Bd4 Bd6 27. Be3 g5 28.
Nf5 Be5 29. Nxh6 Bxf6 30. Nxf7 Re7 31. Nxg5 Bxg5 32. Bxg5 Rc7 33. Bf4 Rxc1 34.
Rxc1 Qd8 35. h4 Qf6 36. h5 Ke7 37. h6 Qg6 38. h7 1-0

[Event "European Blitz 2017"]
[Site "Katowice POL"]
[Date "2017.12.15"]
[Round "15.51"]
[White "Rigopoulos-Tsigkos, Alexandros"]
[Black "Licznerski, Lukasz"]
[Result "0-1"]
[BlackTitle "FM"]
[WhiteElo "2117"]
[BlackElo "2267"]
[WhiteFideId "4215109"]
[BlackFideId "1179250"]
[EventDate "2017.12.15"]
[EventType "blitz"]

1. e4 c6 2. d4 d5 3. e5 c5 4. c3 Nc6 5. h3 Bf5 6. Nf3 e6 7. Be2 cxd4 8. cxd4
Bxb1 9. Rxb1 Bb4+ 10. Bd2 Qa5 11. a3 Bxd2+ 12. Qxd2 Qb6 13. b4 Nge7 14. O-O O-O
15. Bd3 Rfc8 16. Qf4 h6 17. g4 Rc7 18. h4 Ng6 19. Qe3 Nce7 20. h5 Nf8 21. Rfc1
Rac8 22. Rc5 Rc6 23. Qf4 Qd8 24. g5 hxg5 25. Nxg5 Nf5 26. Bxf5 exf5 27. Qxf5
R8c7 28. Rxc6 bxc6 29. Rb3 f6 30. exf6 Qxf6 31. Qxf6 gxf6 32. Nf3 Ne6 33. Rc3 a6
34. a4 Kf7 35. Kf1 Ke7 36. h6 Kf7 37. Ke2 Kg6 38. Kd3 Kxh6 39. Nh4 Kg5 40. Nf3+
Kf5 41. Nd2 Nf4+ 42. Kc2 Ne2 43. Rd3 Rb7 44. Rf3+ Kg6 45. Re3 Nxd4+ 46. Kc3 Nf5
47. Re1 Kf7 48. Nb3 Nd6 49. Nc5 Ra7 50. Re6 Ne4+ 51. Nxe4 Kxe6 52. Nc5+ Kd6 53.
Kd4 Ra8 54. Nb7+ Kc7 55. Nc5 a5 0-1

[Event "European Blitz 2017"]
[Site "Katowice POL"]
[Date "2017.12.15"]
[Round "15.52"]
[White "Bartel, Michal"]
[Black "Lupik, Marina"]
[Result "1-0"]
[WhiteTitle "FM"]
[BlackTitle "WIM"]
[WhiteElo "2360"]
[BlackElo "2190"]
[WhiteFideId "1119257"]
[BlackFideId "4177495"]
[EventDate "2017.12.15"]
[EventType "blitz"]

1. e4 c5 2. Ne2 d6 3. g3 g6 4. Bg2 Bg7 5. c3 Nc6 6. d4 cxd4 7. cxd4 Nf6 8. Nbc3
O-O 9. O-O Bd7 10. h3 Rc8 11. Be3 a6 12. Qd2 Na5 13. b3 Nc6 14. g4 b5 15. Ng3 b4
16. Nce2 a5 17. g5 Ne8 18. f4 Na7 19. Rae1 Nb5 20. f5 Nc3 21. Nf4 Bb5 22. Rf2
Bc6 23. h4 Qd7 24. h5 Qb7 25. d5 Bd7 26. hxg6 hxg6 27. fxg6 e5 28. dxe6 fxe6 29.
Nfh5 Bc6 30. Rxf8+ Bxf8 31. Nf6+ Nxf6 32. gxf6 Nxe4 33. f7+ Kh8 34. Bxe4 Be7 35.
Qh2+ 1-0

[Event "European Blitz 2017"]
[Site "Katowice POL"]
[Date "2017.12.15"]
[Round "15.53"]
[White "Heinzel, Olaf"]
[Black "Szpar, Milosz"]
[Result "1-0"]
[WhiteTitle "IM"]
[BlackTitle "FM"]
[WhiteElo "2360"]
[BlackElo "2367"]
[WhiteFideId "4626664"]
[BlackFideId "1184989"]
[EventDate "2017.12.15"]
[EventType "blitz"]

1. d4 d6 2. Bf4 Nf6 3. e3 Nbd7 4. Nf3 g6 5. h3 Bg7 6. Be2 O-O 7. O-O Qe8 8. c3
e5 9. Bh2 Qe7 10. a4 a5 11. Na3 b6 12. Nb5 c6 13. dxe5 dxe5 14. Qd6 Qxd6 15.
Nxd6 e4 16. Nd4 c5 17. N4b5 Ba6 18. Rfd1 Rad8 19. Nc4 Rc8 20. Rd2 Rc6 21. Rad1
Nb8 22. Rd8 Rc8 23. Rxc8 Rxc8 24. Nxb6 Re8 25. Bf1 Re6 26. Rd8+ 1-0

[Event "European Blitz 2017"]
[Site "Katowice POL"]
[Date "2017.12.15"]
[Round "15.54"]
[White "Alekseev, Evgeny"]
[Black "Kutynec, Vladimir"]
[Result "1-0"]
[WhiteTitle "GM"]
[BlackTitle "IM"]
[WhiteElo "2616"]
[BlackElo "2270"]
[WhiteFideId "4138147"]
[BlackFideId "4119843"]
[EventDate "2017.12.15"]
[EventType "blitz"]

1. e4 c5 2. Nf3 Nc6 3. d4 cxd4 4. Nxd4 g6 5. c4 Nf6 6. Nc3 Nxd4 7. Qxd4 d6 8.
Be2 Bg7 9. Be3 O-O 10. Qd2 Qa5 11. f3 Be6 12. Rc1 Rfc8 13. b3 h5 14. Nb5 Qxd2+
15. Kxd2 a6 16. Nd4 Bd7 17. Rhd1 Ne8 18. Ke1 Nc7 19. Nc2 Ne6 20. Nb4 Bc6 21. Kf2
Bb2 22. Rc2 Ba3 23. Nd5 Bxd5 24. exd5 Ng7 25. g4 Bc5 26. Rc3 b6 27. Kg2 Bxe3 28.
Rxe3 Ra7 29. Bd3 g5 30. Rde1 Rcc7 31. Kg3 h4+ 32. Kf2 b5 33. Re4 bxc4 34. Bxc4
a5 35. a4 Ne8 36. h3 Nf6 37. Rd4 Kf8 38. f4 Nh7 39. Bd3 Kg7 40. Bxh7 Kxh7 41.
fxg5 Kg6 42. Rf4 Rc3 43. Rf3 Rxf3+ 44. Kxf3 Kxg5 45. Ke4 Rb7 46. Re3 Rb4+ 47.
Kf3 Kf6 48. Ke2 Rd4 49. Rf3+ Kg7 50. Re3 Kf8 51. Rd3 Re4+ 52. Kd2 Kg7 53. Re3
Rxe3 54. Kxe3 e5 55. dxe6 fxe6 56. b4 axb4 57. a5 b3 58. Kd2 e5 59. a6 e4 60. a7
e3+ 61. Kxe3 b2 62. a8=Q b1=Q 63. Qa7+ Kg6 64. Qa3 Qg1+ 65. Ke4 Qg2+ 66. Kd4
Qf2+ 67. Qe3 Qf6+ 68. Kd3 Qa1 69. Qe6+ Kg5 70. Qe7+ Kf4 71. Qxd6+ Kf3 72. Qd5+
Kg3 73. g5 Qd1+ 74. Ke4 Qh1+ 75. Ke5 Qxh3 76. Qd3+ Kg4 77. Qxh3+ Kxh3 78. g6 Kh2
79. g7 h3 80. g8=Q Kh1 81. Qd5+ Kg1 82. Qd4+ Kg2 83. Qg4+ 1-0

[Event "European Blitz 2017"]
[Site "Katowice POL"]
[Date "2017.12.15"]
[Round "15.55"]
[White "Brazdzionis, Andrius"]
[Black "Manik, Mikulas"]
[Result "0-1"]
[BlackTitle "GM"]
[WhiteElo "2293"]
[BlackElo "2415"]
[WhiteFideId "12804479"]
[BlackFideId "14900734"]
[EventDate "2017.12.15"]
[EventType "blitz"]

1. d4 Nf6 2. Nf3 d6 3. c4 g6 4. Nc3 Bg7 5. e4 O-O 6. Be2 e5 7. O-O Nc6 8. d5 Ne7
9. b4 Nh5 10. g3 a5 11. Ba3 h6 12. Nd2 Nf6 13. bxa5 Rxa5 14. Bb4 Ra8 15. a4 c5
16. Ba3 Ne8 17. Bf3 f5 18. Bg2 Nf6 19. exf5 gxf5 20. f4 Ng4 21. Qb3 exf4 22.
Rxf4 Ng6 23. Rff1 Bd4+ 24. Kh1 Nf2+ 25. Rxf2 Bxf2 26. Rf1 Bd4 27. Nf3 Bg7 28.
Nb5 f4 29. Bb2 fxg3 30. Bxg7 Kxg7 31. hxg3 Bg4 32. Re1 Bxf3 33. Bxf3 Ne5 34. Bg2
Rf5 35. Qc2 Qd7 36. Be4 Rh5+ 37. Kg1 Rf8 38. Re3 Qe7 39. Bg2 Qg5 40. Rb3 Qf6 41.
Nc7 Rf7 42. Ne6+ Kh8 43. Nf4 Rg5 44. Ne6 Rf5 45. a5 Rf1+ 46. Kh2 Ng4+ 47. Kh3
Rf2 48. Qe4 Rxg2 49. Qxg2 Qf5 50. a6 0-1

[Event "European Blitz 2017"]
[Site "Katowice POL"]
[Date "2017.12.15"]
[Round "15.56"]
[White "Lavendelis, Egons"]
[Black "Meskovs, Nikita"]
[Result "0-1"]
[WhiteTitle "FM"]
[BlackTitle "GM"]
[WhiteElo "2278"]
[BlackElo "2538"]
[WhiteFideId "11601647"]
[BlackFideId "11602740"]
[EventDate "2017.12.15"]
[EventType "blitz"]

1. e4 Nf6 2. e5 Nd5 3. d4 d6 4. c4 Nb6 5. exd6 exd6 6. Nc3 Be7 7. Bd3 O-O 8.
Nge2 Bg4 9. O-O Re8 10. f3 Bh5 11. Nf4 Bg6 12. Nxg6 hxg6 13. Be3 Bg5 14. Bf2 Nc6
15. Ne4 Bf6 16. Nxf6+ Qxf6 17. d5 Nb4 18. b3 a5 19. a3 Na6 20. Qc2 Nd7 21. Rae1
Ndc5 22. h3 Kf8 23. Be4 Rab8 24. Bd3 Rxe1 25. Rxe1 Re8 26. Rb1 Qe5 27. b4 axb4
28. axb4 Nxd3 29. Qxd3 Qe2 30. Qxe2 Rxe2 31. c5 Rd2 32. cxd6 cxd6 33. b5 Nc7 34.
Bg3 Ke7 35. b6 Nxd5 36. Bf2 Kd7 37. Rc1 Rb2 38. Bd4 Rb5 39. Rd1 f6 40. Bf2 Nxb6
41. Bg3 Nc4 42. Rc1 d5 43. Ra1 Rb2 44. Ra8 Ne3 45. Bf4 Nf5 46. g4 Nd4 47. Rg8
Ne2+ 0-1

[Event "European Blitz 2017"]
[Site "Katowice POL"]
[Date "2017.12.15"]
[Round "15.57"]
[White "Brzezinski, Mateusz"]
[Black "Laurusas, Tomas"]
[Result "0-1"]
[BlackTitle "IM"]
[WhiteElo "2164"]
[BlackElo "2423"]
[WhiteFideId "1177117"]
[BlackFideId "12803731"]
[EventDate "2017.12.15"]
[EventType "blitz"]

1. d4 d5 2. Bf4 Nf6 3. Nf3 g6 4. e3 Bg7 5. h3 O-O 6. Nbd2 c5 7. c3 Nc6 8. Bd3
Nd7 9. O-O e5 10. dxe5 Ndxe5 11. Nxe5 Nxe5 12. Be2 Be6 13. Nf3 Nc6 14. Qa4 h6
15. Rfd1 Qe7 16. Bb5 Rac8 17. Rd2 a6 18. Bxc6 Rxc6 19. Rad1 b5 20. Qc2 Bf5 21.
Qc1 Be4 22. Ne1 d4 23. f3 dxe3 24. Re2 Bf5 25. Rxe3 Qh4 26. Re2 Rfc8 27. Qe3 Re6
28. g3 Rxe3 0-1

[Event "European Blitz 2017"]
[Site "Katowice POL"]
[Date "2017.12.15"]
[Round "15.58"]
[White "Skliarov, Viktor"]
[Black "Lewicki, Miroslaw"]
[Result "1-0"]
[WhiteTitle "IM"]
[BlackTitle "CM"]
[WhiteElo "2353"]
[BlackElo "2404"]
[WhiteFideId "14106736"]
[BlackFideId "1113380"]
[EventDate "2017.12.15"]
[EventType "blitz"]

1. e4 c5 2. Nf3 d6 3. d4 cxd4 4. Qxd4 Nc6 5. Bb5 Bd7 6. Bxc6 Bxc6 7. Nc3 Nf6 8.
Bg5 e6 9. O-O-O Be7 10. Rhe1 Qa5 11. Kb1 h6 12. Bd2 Qc7 13. h3 a6 14. g4 O-O-O
15. g5 hxg5 16. Nxg5 Be8 17. f4 Nh5 18. Qg1 g6 19. Be3 Qc6 20. a4 Bf6 21. Bd4 e5
22. Bb6 Rd7 23. Nd5 exf4 24. Nxf6 Nxf6 25. Bd4 d5 26. e5 Ne4 27. Nxe4 dxe4 28.
e6 Rxd4 29. Qxd4 1-0